Регионална библиотека "Любен Каравелов" - Русе

Спящата красавица (Запис номер 517597)

MARC детайли
000 -Лидер
Лидер 01380nam a2200301 a 4500
003 - Код на организацията, давaща контролен номер
Код на организацията, даваща контролен номер BLK
005 - Дата и час на последна редакция
Дата и час на последна редакция 20250315005705.0
008 - Елементи от данни с фиксирана дължина
Елементи с фиксирана дължина 210914b bu |||||r|||| 00| | bu d
020 ## - Международен стандартен номер на книга ISBN
ISBN 9786191645978
040 ## - Източник на каталожния запис
Код на библиотеката BLK
041 ## - Код за език
Език Български
Език за КДБФ Български
080 ## - УДК
УДК текст Немска литература
УДК код 821.112.2
УДК – код + определител 821.112.2-93-34
9 (RLIN) 235107
100 ## - Редна дума - Автор
Автор Грим, Вилхелм
Години, свързани с автора 1786 - 1859
R(LIN) 363315
245 ## - Сведения за заглавието
Заглавие Спящата красавица
Авторска отговорност Грим, Якоб, Вилхелм Грим ; прев. от нем. Димитър Стоевски ; ил. Катина Пеева
260 ## - Област на издателските данни
9 (RLIN) 215899
Място на издаване София
Име на издателя Enthusiast
Година на издаване 2024
Издателство - префикс ISBN 978-619-164- ; 978-954-2958- ; 978-954-8657-
300 ## - Физическа характеристика
Брой страници 32 с.
Илюстрации с цв. ил.
Размер 26 см
380 ## - Жанр
Жанр Детска худож. лит.
490 ## - СЕРИИ (Колекции)
9 (RLIN) 207775
Серия Children's Books
500 ## - Общи забележки
Обща забележка Ориг. загл., установено от доп. източник: Das fremde Kind<br/>Димитър Стоевски - псевд. на прев. Димчо Стоев Чолаков
700 ## - Други автори (авторска отговорност)
Друг автор Грим, Якоб
Дати, свързани с автора 1785 - 1863
9 (RLIN) 363316
700 ## - Други автори (авторска отговорност)
Друг автор Стоевски, Димитър
Пълното име на др. автор Чолаков, Димчо Стоев
9 (RLIN) 364897
700 ## - Други автори (авторска отговорност)
9 (RLIN) 401645
Друг автор Пеева, Катина Василева
852 ## - Местоположение
Сигнатура (форматна) Цб ІІ 33307
Отдел Хранилище
856 ## - Електронен адрес и достъп
Инструкция (цена за достъп) 0.00
Права за достъп disable
942 ## - АРТИКУЛИ
Вид на библиотечния документ Книги
Скрит в OPAC Не
944 ## - СЪЗДАВАНЕ И РЕДАКЦИЯ на ЗАПИСА
Дата на регистрацията/редакция Кети Илиева
Служител, извършил регистрацията/редакцията
Номер на служител CRON CRON
Създаване/Редакция
999 ## - СИСТЕМНИ КОНТРОЛНИ НОМЕРА
Koha biblionumber 517597
Koha biblioitemnumber 517597
Наличности
Код за отписване Код за изгубен артикул Източник на класификационната схема Код за повреда Коз за рестрикции Код за отдаване Артикулен № Име на библиотеката - собственик Име на библиотеката, в която се намира в момента Статус (Текущо местоположение) Дата на вписване в системата Местоположение - отдел Цена в лева Инвентарен номер Систематично азбучна сигнатура Баркод Цена в евро Служебен тип на артикула
  Не е изгубен Universal Decimal Classification Не е повреден само за читалня ползва се в читалня 949870 Регионална библиотека "Любен Каравелов" Русе Регионална библиотека "Любен Каравелов" Русе Хранилище 2024-09-25 Хранилище 22.00 120000913240 Цб ІІ 33307 120000913240 11.25 Книги
Vip Innovations Ltd, Rousse, Bulgaria 2025